000 00251nam a2200097Ia 4500
008 120527s9999 xx 000 0 und d
100 _aIKWUEMESI,C.K.et al.
245 _aA discursive bazaar writing on African art.
260 _bPan-Africa
942 _cBK
999 _c24067
_d24067